00370nam a2200145Ia 4500008004100000084001300041100002500054245003100079250002000110260001800130260000900148260002100157300001100178500003500189180424s9999 xx 000 0 und d a595.7 E1 a"Elzinga, Richard J" 0aFundamentals of Entomology a\\197800ENGGPSX aPrentice Hall b1978 cEnglewood Cliffs ax+325p aincludes index and biblioraphy